000 00667nam a2200229Ia 4500
003 0100
008 130303s9999 xx 000 0 und d
020 _a1880810182
040 _cARRUPELIB
050 _aBX2179.L8P175
100 _aPalmer, Martin E. (ed.)
245 _aOn giving the spiritual exercises
245 _bthe early Jesuit manuscript directories and the official directory of 1599
260 _aSt. Louis
260 _bThe Institute of Jesuit Sources
260 _C1996
300 _a363p.
300 _b 23cm.
440 _aJesuit primary surces in English translation; no. 14
650 _bThompson, J A (J Anderson)
942 _2lcc
_01
999 _c65228
_d65228